000 00471nam a22001937a 4500
003 MPLRDC
005 20220104154221.0
008 210129b ||||| |||| 00| 0 eng d
020 _a962-988-106-3
082 _a857.621 NK-48 v.20
100 _a倪匡
245 _a生命复本
_c
250 _a初版
260 _a
_b利文出版社
_c2003
300 _b
490 _a原振侠新传奇系列. 20
650 _a科幻小说
942 _cBK
_o857.621 NK-48 v.20
999 _c53863
_d53853